Statistics for Top 10 U.S. States with the Highest Life Expectancy

Click here to take the quiz!

General Stats

  • This quiz has been taken 19,259 times
    (7,462 since last reset)
  • The average score is 7 of 10

Answer Stats

Years State % Correct
81.6California
92%
81.3New York
87%
80.4Washington
87%
80.0Florida
83%
82.3Hawaii
75%
80.5Massachusetts
67%
80.9Connecticut
64%
80.4New Jersey
62%
80.5Colorado
53%
81.0Minnesota
43%

Score Distribution

Percentile by Number Answered

Percent of People with Each Score

Your Score History

You have not taken this quiz since the last reset